Color Atlas of Morphologic Hematology / (Record no. 7884)
[ view plain ]
| 000 -LEADER | |
|---|---|
| fixed length control field | 00352cam a2200133ua 4500 |
| 082 ## - DEWEY DECIMAL CLASSIFICATION NUMBER | |
| Classification number | 616.150223 |
| Item number | DAL/CO |
| 100 ## - MAIN ENTRY--AUTHOR NAME | |
| Personal name | Daland, Geneva A . |
| 245 ## - TITLE STATEMENT | |
| Title | Color Atlas of Morphologic Hematology / |
| 250 ## - EDITION STATEMENT | |
| Edition statement | 1 / |
| 260 ## - PUBLICATION, DISTRIBUTION, ETC. (IMPRINT) | |
| Place of publication | London : |
| Name of publisher | Harward University Press , |
| Year of publication | 1959. |
| 300 ## - PHYSICAL DESCRIPTION | |
| Number of Pages | 72 ; . |
| 700 ## - ADDED ENTRY--PERSONAL NAME | |
| Personal name | Hale Ham, Thomas |
| 942 ## - ADDED ENTRY ELEMENTS (KOHA) | |
| Koha item type | Reference |
| Withdrawn status | Lost status | Damaged status | Collection code | Home library | Current library | Shelving location | Date acquired | Full call number | Accession Number | Koha item type |
|---|---|---|---|---|---|---|---|---|---|---|
| Reference | KAUAET | KAUAET | Reference | 30/09/2016 | 616.150223 DAL/CO | 3553 | Reference |
